[Event "69. BEM 2015"]
[Site "Dortmund"]
[Date "2015.03.11"]
[Round "6.12"]
[White "Ewers, Christian"]
[Black "Simon, Stefan"]
[Result "1-0"]
[WhiteElo "1702"]
[BlackElo "1484"]
[PlyCount "71"]
[EventDate "2015.??.??"]
[WhiteTeam "SG Mengede"]
[BlackTeam "SVg Marten-Bövinghsn."]

1. e4 c5 2. Nc3 Nc6 3. g3 d6 4. Bg2 Nf6 5. d3 e5 6. h3 Be7 7. Nge2 Bd7 8. O-O
Qc8 9. Kh2 h6 10. f4 exf4 11. Nxf4 Qc7 12. Nfd5 Nxd5 13. Nxd5 Qd8 14. Be3 Be6
15. Nf4 O-O 16. c3 Qb6 17. b3 Bf6 18. Rc1 Rac8 19. Nd5 Bxd5 20. exd5 Ne7 21.
Bxh6 Bxc3 22. Rxc3 gxh6 23. Qh5 Qb4 24. Rc4 Qd2 25. Rcf4 Ng6 26. Qxh6 Rc7 27.
R1f2 Qc3 28. Rf6 Qxd3 29. h4 Re8 30. h5 Ne5 31. Qg5+ Kf8 32. h6 Qh7 33. Bh3 Nd3
34. Bf5 Re5 35. Bxh7 Nxf2 36. Qg8+ 1-0

[Event "69. BEM 2015"]
[Site "Dortmund"]
[Date "2015.03.11"]
[Round "6.13"]
[White "Zabel, Reinhard"]
[Black "Vogt, Christian"]
[Result "1/2-1/2"]
[WhiteElo "1461"]
[BlackElo "1524"]
[PlyCount "48"]
[EventDate "2015.??.??"]
[WhiteTeam "Doppelbauer Brambauer"]
[BlackTeam "SC Hansa Dortmund"]

1. e4 c6 2. d4 d5 3. Nc3 dxe4 4. Nxe4 Nf6 5. Nxf6+ exf6 6. Nf3 Bd6 7. Be2 Bg4
8. h3 Bf5 9. c3 h6 10. Bd3 Bxd3 11. Qxd3 O-O 12. O-O Re8 13. Bd2 Nd7 14. Rfe1
Qc7 15. Rxe8+ Rxe8 16. Re1 Rxe1+ 17. Bxe1 Nf8 18. Qe4 Qe7 19. Qxe7 Bxe7 20. Bd2
Ng6 21. Kf1 Bd6 22. g3 h5 23. Kg2 Kf8 24. Nh2 Ke7 1/2-1/2

[Event "69. BEM 2015"]
[Site "Dortmund"]
[Date "2015.03.11"]
[Round "6.14"]
[White "Benke, Werner"]
[Black "Brendemühl, Bernd"]
[Result "0-1"]
[WhiteElo "1427"]
[BlackElo "1894"]
[PlyCount "80"]
[EventDate "2015.??.??"]
[WhiteTeam "SC Hansa Dortmund"]
[BlackTeam "FS 1898 Dortmund"]

1. d4 Nf6 2. Nf3 e6 3. Bg5 d5 4. e3 c5 5. c3 Nc6 6. Nbd2 cxd4 7. exd4 Bd6 8.
Bd3 h6 9. Bh4 O-O 10. O-O e5 11. Nxe5 Nxe5 12. dxe5 Bxe5 13. Nf3 Bd6 14. Re1
Bg4 15. h3 Bh5 16. Be2 Be7 17. Qb3 b6 18. Rad1 g5 19. Bg3 Bd6 20. Bxd6 Qxd6 21.
Nd4 Bg6 22. Bf3 Rad8 23. Qa4 Qc5 24. Re2 h5 25. g3 g4 26. hxg4 hxg4 27. Bg2 a5
28. Rde1 Ne4 29. Nb3 Qd6 30. Qd4 Rfe8 31. Nd2 f5 32. a3 Re7 33. Kf1 Re6 34. Kg1
Bf7 35. Kf1 Rde8 36. Nxe4 dxe4 37. Qe3 Qe7 38. Qf4 Qf6 39. Bxe4 fxe4 40. Rxe4
Qxf4 0-1

[Event "69. BEM 2015"]
[Site "Dortmund"]
[Date "2015.03.11"]
[Round "6.15"]
[White "Völler, Lothar"]
[Black "Grawe, Herbert"]
[Result "0-1"]
[WhiteElo "1597"]
[BlackElo "1339"]
[PlyCount "102"]
[EventDate "2015.??.??"]
[WhiteTeam "FS 1898 Dortmund"]
[BlackTeam "Dortmunder SV"]

1. b3 Nc6 2. Bb2 e5 3. e3 Nf6 4. Bb5 d6 5. Bxc6+ bxc6 6. Ne2 Ne4 7. d3 Ng5 8.
O-O Bg4 9. f3 Bh5 10. Ng3 Bg6 11. e4 Ne6 12. Nc3 d5 13. Nce2 d4 14. f4 exf4 15.
Nxf4 Nxf4 16. Rxf4 Bd6 17. Rf3 Bc5 18. Qe2 Qd7 19. Raf1 O-O-O 20. a3 h5 21. b4
Bb6 22. Nf5 h4 23. Rf4 Bh5 24. Qf2 g5 25. Rf3 Bxf3 26. Qxf3 Kb7 27. Qg4 Rdg8
28. a4 a6 29. a5 Ba7 30. h3 c5 31. bxc5 Bxc5 32. Rb1 Ka8 33. e5 Qb5 34. Qe4+ c6
35. Qe1 Qa4 36. Qe4 Rc8 37. Nxd4 Qxc2 38. Qe1 Qxd3 39. Rd1 Qc4 40. Kh1 Rhd8 41.
Rc1 Qd5 42. Nf3 Rb8 43. Qe2 Rb5 44. Nxg5 Be3 45. Nxf7 Bxc1 46. Nxd8 Bxb2 47.
Qc2 Qxd8 48. Qxc6+ Kb8 49. Qxa6 Qd1+ 50. Kh2 Bxe5+ 51. g3 Rb2+ 0-1

[Event "69. BEM 2015"]
[Site "Dortmund"]
[Date "2015.03.11"]
[Round "6.16"]
[White "Kawka, Bogdan"]
[Black "Howorka, Roland"]
[Result "1/2-1/2"]
[WhiteElo "1272"]
[BlackElo "1443"]
[Annotator "Schulenburg,Pit"]
[PlyCount "113"]
[EventDate "2015.??.??"]
[WhiteTeam "FS 1898 Dortmund"]
[BlackTeam "FS 1898 Dortmund"]

1. Nf3 Nc6 2. d4 d5 3. Bf4 e6 4. e3 Nf6 5. a3 Be7 6. c4 Nh5 7. Be5 Nf6 8. Nc3
a6 9. cxd5 Nxe5 10. dxe5 Nxd5 11. Nxd5 exd5 12. Be2 O-O 13. O-O Re8 14. Nd4 Bc5
15. Rc1 Bb6 16. f4 c5 17. Nf3 Bf5 18. Kh1 Be4 19. Bd3 c4 20. Bxe4 Bxe3 21. Rc3
dxe4 22. Rxe3 Qxd1 23. Rxd1 exf3 24. Rxf3 Red8 25. Rff1 Kf8 26. g3 Ke7 27. Kg2
Ke6 28. Kf3 h5 29. h3 Rac8 30. Ke2 Kf5 31. Rf3 Rxd1 32. Kxd1 Rd8+ 33. Ke2 Rd4
34. Rc3 b5 35. Kf3 g5 36. g4+ hxg4+ 37. hxg4+ Ke6 38. fxg5 a5 39. Re3 b4 40.
axb4 axb4 41. Ke2 Rxg4 42. Kd2 Rxg5 43. Re4 Kd5 44. Rf4 Rg2+ 45. Kc1 Rg7 46.
Kc2 b3+ 47. Kc3 Rg3+ 48. Kb4 Kxe5 49. Rxf7 Rg4 50. Rc7 Kd5 51. Rd7+ (51. Rc5+
Kd6 52. Rxc4 Rxc4+ 53. Kxc4 Kc6 54. Kxb3 Kb5 $11) 51... Kc6 52. Rd8 Re4 53.
Rc8+ Kd5 54. Rd8+ Ke5 $4 55. Re8+ Kd4 56. Rxe4+ Kxe4 57. Kxc4 {(???) Dieser
letzte Zug der Partie verdient deshalb DREI FRAGEZEICHEN, weil Weiß nun Remis
gibt!} ({Nach} 57. Kxc4 {entsteht ein elementar gewonnenes Bauernendspiel, z.B.
} Ke5 58. Kxb3 Kd5 59. Kb4 Kc6 60. Ka5 Kb7 61. Kb5 {usw.}) 1/2-1/2

[Event "69. BEM 2015"]
[Site "Dortmund"]
[Date "2015.03.11"]
[Round "6.17"]
[White "Pachura, Karl-Heinz"]
[Black "Pennekamp, Christ"]
[Result "1-0"]
[WhiteElo "1353"]
[BlackElo "1194"]
[Annotator "Schulenburg,Pit"]
[PlyCount "87"]
[EventDate "2015.??.??"]
[WhiteTeam "SF Brackel"]
[BlackTeam "SC Hansa Dortmund"]

1. e4 e6 2. d4 d5 3. e5 c5 4. c3 Qb6 5. Nf3 Ne7 6. Be2 Nec6 7. a3 Nd7 8. b4
cxd4 9. cxd4 Be7 10. Be3 a6 11. O-O Qc7 12. Nbd2 O-O 13. Nb3 f6 14. exf6 Nxf6
15. h3 Bd6 16. Rc1 Qe7 17. Bg5 Bd7 18. Nc5 Be8 19. Nd3 e5 20. Rxc6 e4 21. Rc1
Bb5 22. Re1 h6 23. Bh4 g5 24. Bg3 Bxg3 25. fxg3 Qd6 26. Nde5 Bxe2 27. Qxe2 exf3
28. gxf3 Rae8 29. Qc2 Nh5 30. Kg2 Rc8 31. Qg6+ Qxg6 32. Nxg6 Rxc1 33. Rxc1 Rf6
34. Ne5 Ng7 35. Rc8+ Rf8 36. Rc5 Rd8 37. Rc7 Ne6 38. Rxb7 Nxd4 39. Rb6 Nf5 40.
Rxa6 d4 41. Ra5 Ne3+ 42. Kf2 d3 43. Nxd3 Rxd3 44. Ke2 {und warum Schwarz die
Partie an dieser Stelle aufgibt, bleibt offen.} ({Nach} 44. Ke2 Rb3 {
kompensiert der aktive schwarze Springer die weißen Bauern leicht, z.B.} 45. a4
Nc2 46. b5 Nd4+ 47. Kd1 Kf7 {mit für Schwarz "unverlierbarer" Stellung!}) 1-0

[Event "69. BEM 2015"]
[Site "Dortmund"]
[Date "2015.03.11"]
[Round "6.18"]
[White "Wilkins, Petra"]
[Black "Kesselmeier, Klaus"]
[Result "1/2-1/2"]
[WhiteElo "1041"]
[BlackElo "1404"]
[Annotator "Schulenburg,Pit"]
[PlyCount "54"]
[EventDate "2015.??.??"]
[WhiteTeam "SC Hansa Dortmund"]
[BlackTeam "SF Brackel"]

1. d4 g6 2. Nf3 Bg7 3. g3 d6 4. Bg2 c6 5. O-O Nf6 6. c4 O-O 7. Nc3 e6 8. b3 a6
9. Qc2 d5 10. c5 b5 11. b4 Nbd7 12. Bg5 h6 13. Bf4 Ne8 14. Qc1 Kh7 15. Rd1 Ndf6
16. Ne5 Bb7 17. f3 Nh5 18. e3 Nxf4 19. exf4 f6 20. Ng4 h5 21. Nf2 f5 22. Nh3
Bh6 23. Qe3 Ng7 24. Ne2 Kg8 25. Ng5 Qf6 26. h4 Qe7 27. Nc3 Rae8 ({Oder} 27...
Rfe8 {?}) 1/2-1/2

[Event "69. BEM 2015"]
[Site "Dortmund"]
[Date "2015.03.11"]
[Round "6.20"]
[White "Sobottka, H.-Gerald"]
[Black "Schleuß, Jürgen"]
[Result "0-1"]
[WhiteElo "989"]
[BlackElo "1253"]
[PlyCount "98"]
[EventDate "2015.??.??"]
[WhiteTeam "Dortmunder SV"]
[BlackTeam "Dortmunder SV"]

1. c4 e6 2. g3 Nf6 3. Bg2 c6 4. e3 d5 5. b3 Nbd7 6. Ne2 Bd6 7. O-O c5 8. f4 Nb6
9. Qc2 O-O 10. Bb2 Nbd7 11. f5 Re8 12. Nf4 Nb6 13. Qd3 e5 14. Nh3 e4 15. Qe2
Nbd7 16. cxd5 Ne5 17. Nc3 Nd3 18. Nd1 Nxb2 19. Nxb2 Be5 20. Rab1 Qxd5 21. d3
Bxb2 22. Rxb2 Bxf5 23. dxe4 Bxe4 24. Bxe4 Qxe4 25. Ng5 Qe5 26. Nf3 Qxe3+ 27.
Qxe3 Rxe3 28. Rd1 Rxf3 29. Rbd2 g6 30. Kg2 Rc3 31. Rf2 Ng4 32. Rf3 Rxf3 33.
Kxf3 h5 34. h3 Ne5+ 35. Kf4 f6 36. h4 Re8 37. Rd5 b6 38. a3 Kf7 39. b4 cxb4 40.
axb4 Re7 41. Rd4 Rd7 42. Rxd7+ Nxd7 43. Ke4 Ke6 44. Ke3 Ne5 45. Ke4 f5+ 46. Ke3
Kf6 47. b5 Nc4+ 48. Kf4 Nd6 49. Ke3 Nxb5 0-1

[Event "69. BEM 2015"]
[Site "Dortmund"]
[Date "2015.03.11"]
[Round "6.21"]
[White "Wangrin, Stefan A"]
[Black "Bensch, Christian"]
[Result "1/2-1/2"]
[WhiteElo "1169"]
[BlackElo "1160"]
[PlyCount "43"]
[EventDate "2015.??.??"]
[WhiteTeam "FS 1898 Dortmund"]
[BlackTeam "SC Wambel"]

1. c4 e5 2. Nc3 Nc6 3. Nf3 Nf6 4. d3 Be7 5. Nd5 d6 6. Nxf6+ Bxf6 7. Bd2 O-O 8.
Qc1 b6 9. Bg5 h6 10. Bd2 Bb7 11. e4 Ne7 12. Be2 Ng6 13. g3 c5 14. a3 a6 15. b4
Qd7 16. h4 Rfe8 17. h5 Nf8 18. Nh4 Bxh4 19. Rxh4 Ne6 20. Bg4 Qe7 21. Bxe6 Qxe6
22. f3 1/2-1/2

[Event "69. BEM 2015"]
[Site "Dortmund"]
[Date "2015.03.11"]
[Round "6.22"]
[White "Haufe, Ulrich"]
[Black "Schlettig, Achim"]
[Result "0-1"]
[WhiteElo "1292"]
[BlackElo "1206"]
[PlyCount "76"]
[EventDate "2015.??.??"]
[WhiteTeam "SU Huck.-Westerfilde"]
[BlackTeam "FS 1898 Dortmund"]

1. e4 Nc6 2. f4 d6 3. Nf3 e6 4. Bb5 Bd7 5. Nc3 a6 6. Ba4 Qf6 7. d4 b5 8. Bb3 b4
9. Ne2 Na5 10. O-O Nxb3 11. axb3 Bc6 12. d5 exd5 13. exd5 Bb7 14. Re1 Ne7 15.
Ng3 g6 16. Ra5 Bg7 17. Ne4 Qf5 18. Nh4 Qd7 19. Ng5 O-O 20. Qd3 h6 21. Nh3 Rae8
22. c3 Nf5 23. Bd2 Nxh4 24. Rf1 c6 25. dxc6 Qxc6 26. Rf2 Qb6 27. Ra1 Bxg2 28.
Rd1 Bxh3 29. Qxh3 Nf5 30. Qf3 bxc3 31. Bxc3 Bxc3 32. Qxc3 Re2 33. Rdf1 Rxf2 34.
Rxf2 Ne3 35. h3 Nd1 36. Qg3 Nxf2 37. Kh2 Ne4 38. Qf3 Qf2+ 0-1

[Event "69. BEM 2015"]
[Site "Dortmund"]
[Date "2015.03.11"]
[Round "6.23"]
[White "Schmidt, Andreas"]
[Black "Böckmann, Lieselotte"]
[Result "1/2-1/2"]
[WhiteElo "1026"]
[BlackElo "1083"]
[Annotator "Schulenburg,Pit"]
[PlyCount "75"]
[EventDate "2015.??.??"]
[WhiteTeam "FS 1898 Dortmund"]
[BlackTeam "FS 1898 Dortmund"]

1. e4 e6 2. d4 d5 3. exd5 exd5 4. c4 Be6 5. c5 c6 6. Nf3 h6 7. Nc3 Nf6 8. Bd2
Be7 9. Bd3 O-O 10. O-O Qc7 11. Ne5 Nbd7 12. Bf4 Qc8 13. Nf3 Kh8 14. Re1 Nh5 15.
Be3 f5 16. Ne2 Ndf6 17. Nh4 Qe8 18. g4 Nxg4 19. Ng2 Nxe3 20. Nxe3 Qg6+ 21. Ng2
Bf6 22. Kh1 Qf7 23. Nef4 Nxf4 24. Nxf4 Bd7 25. Nh5 Rg8 26. Rg1 Bxd4 27. Ng3 g6
28. Bxf5 Bxc5 29. b4 Bd6 30. Qd4+ Kh7 31. Bxd7 Qxd7 32. Qd3 Qf7 33. Raf1 Rad8
34. Nh5 d4 35. f4 Qd5+ 36. Rf3 Qxh5 37. Rh3 Qd5+ 38. Rg2 {und Schwarz gibt die
Partie nun unverständlicherweise remis.} 1/2-1/2

[Event "69. BEM 2015"]
[Site "Dortmund"]
[Date "2015.03.16"]
[Round "7.1"]
[White "Ries, Benjamin"]
[Black "Fork, Raphael"]
[Result "1-0"]
[WhiteElo "2005"]
[BlackElo "1844"]
[PlyCount "65"]
[EventDate "2015.??.??"]
[WhiteTeam "SF Brackel"]
[BlackTeam "Matt Inn"]

1. d4 Nf6 2. c4 c5 3. d5 b5 4. Qc2 bxc4 5. e4 d6 6. Bxc4 Bb7 7. Ne2 g6 8. b3
Bg7 9. Bb2 O-O 10. O-O Nbd7 11. Nd2 Nb6 12. Rad1 Qd7 13. Ng3 a5 14. a4 Ba6 15.
h3 Rfb8 16. Bxa6 Rxa6 17. f4 Qb7 18. Rf3 Nbd7 19. Nc4 Nb6 20. Ne3 Nbd7 21. Rd3
h5 22. e5 Ne8 23. e6 fxe6 24. dxe6 Nf8 25. f5 h4 26. Bxg7 Kxg7 27. fxg6 Nf6 28.
Ngf5+ Kxg6 29. Nxh4+ Kg7 30. Nef5+ Kh8 31. Qd2 Ng8 32. Qg5 Nxe6 33. Qh5+ 1-0

[Event "69. BEM 2015"]
[Site "Dortmund"]
[Date "2015.03.16"]
[Round "7.2"]
[White "Brockmann, Michael"]
[Black "Henrichs, Thomas (IM)"]
[Result "0-1"]
[WhiteElo "2026"]
[BlackElo "2448"]
[PlyCount "82"]
[EventDate "2015.??.??"]
[WhiteTeam "SV Eichlinghofen"]
[BlackTeam "SC Hansa Dortmund"]

1. Nf3 c5 2. g3 Nc6 3. Bg2 g6 4. O-O Bg7 5. d3 d6 6. Nc3 Rb8 7. a4 e6 8. e4
Nge7 9. Nd2 a6 10. f4 O-O 11. Kh1 b5 12. axb5 axb5 13. Ne2 Bb7 14. g4 f5 15.
gxf5 exf5 16. Nf3 Ra8 17. Rb1 Qd7 18. c3 Nd8 19. e5 Nf7 20. d4 Be4 21. Nd2 Bxb1
22. Bxa8 Rxa8 23. Nxb1 Qc6+ 24. Kg1 Ra1 25. Na3 Nd5 26. Qb3 dxe5 27. fxe5 Nc7
28. e6 Nd6 29. Bf4 c4 30. Qc2 Rxf1+ 31. Kxf1 Qh1+ 32. Ng1 Nd5 33. Qc1 Ne4 34.
Nxb5 g5 35. e7 Nxe7 36. Bxg5 Qxh2 37. Be3 Bh6 38. Nd6 Nd5 39. Nxf5 Nxe3+ 40.
Qxe3 Bxe3 41. Nxe3 Qf2# 0-1

[Event "69. BEM 2015"]
[Site "Dortmund"]
[Date "2015.03.16"]
[Round "7.3"]
[White "Zachos, Ingo"]
[Black "Blokisch, Till"]
[Result "0-1"]
[WhiteElo "1894"]
[BlackElo "1806"]
[PlyCount "76"]
[EventDate "2015.??.??"]
[WhiteTeam "SV Eichlinghofen"]
[BlackTeam "SF Brackel"]

1. d3 e5 2. Nf3 Nc6 3. c4 Nf6 4. Nc3 h6 5. g3 d5 6. cxd5 Nxd5 7. Bg2 Be6 8. O-O
Be7 9. a3 O-O 10. Bd2 Qd7 11. Rc1 Rad8 12. Ne4 f5 13. Nc5 Bxc5 14. Rxc5 e4 15.
Ne1 Nf6 16. b4 Nd4 17. Bf4 c6 18. Be5 exd3 19. Bxd4 Qxd4 20. Nxd3 Ne4 21. Rc1
Bc4 22. Nf4 Nd2 23. Re1 Bb3 24. e3 Qb2 25. Qh5 Qxa3 26. b5 Qa5 27. bxc6 bxc6
28. Bxc6 Bf7 29. Qe2 g5 30. Nh5 Bd5 31. Ra1 Qc5 32. Rec1 Bc4 33. Rxc4 Nxc4 34.
Rc1 Qxc6 35. Rxc4 Qd6 36. Qa2 Qd1+ 37. Kg2 Qxh5 38. Rc7+ Rf7 0-1

[Event "69. BEM 2015"]
[Site "Dortmund"]
[Date "2015.03.16"]
[Round "7.5"]
[White "Hillebrand, Carsten"]
[Black "Kropp, Andreas"]
[Result "1/2-1/2"]
[WhiteElo "1853"]
[BlackElo "1989"]
[Annotator "Schulenburg,Pit"]
[PlyCount "48"]
[EventDate "2015.??.??"]
[WhiteTeam "FS 1898 Dortmund"]
[BlackTeam "SV Eichlinghofen"]

1. g3 e5 2. Bg2 Nf6 3. d3 d5 4. Nf3 Nc6 5. O-O Be7 6. Nbd2 O-O 7. c4 d4 8. a3
a5 9. b3 Re8 10. Qc2 h6 11. Re1 Bf5 12. Bb2 Bf8 13. Rad1 Qd7 14. Ne4 Nxe4 15.
dxe4 Bg4 16. Nh4 Qe6 17. Qd3 Bc5 18. Ra1 Qf6 19. Rf1 Rad8 20. Kh1 Qe7 21. h3
Bc8 22. Nf3 Rf8 23. Nh4 Rfe8 24. Nf3 -- {(=)} 1/2-1/2

[Event "69. BEM 2015"]
[Site "Dortmund"]
[Date "2015.03.16"]
[Round "7.7"]
[White "Rahner, Norbert"]
[Black "Schütz, Ralf"]
[Result "1-0"]
[WhiteElo "1681"]
[BlackElo "1739"]
[PlyCount "113"]
[EventDate "2015.??.??"]
[WhiteTeam "SG Mengede"]
[BlackTeam "61515/FS 1898 Dortmund"]

1. d4 Nf6 2. c4 e6 3. Nc3 Bb4 4. e3 b6 5. a3 Bxc3+ 6. bxc3 Bb7 7. f3 d6 8. Bd3
Nbd7 9. Ne2 h5 10. e4 c5 11. Bf4 cxd4 12. cxd4 e5 13. Be3 Qe7 14. Qd2 O-O 15.
O-O Rfc8 16. Nc3 exd4 17. Bxd4 Nc5 18. Bxc5 Rxc5 19. Be2 Rac8 20. Nb5 Rd8 21.
Rfd1 a6 22. Nxd6 Rc6 23. Nf5 Qc5+ 24. Qe3 Rcd6 25. Qxc5 Rxd1+ 26. Rxd1 Rxd1+
27. Bxd1 bxc5 28. e5 Nd7 29. f4 Be4 30. Nd6 Bd3 31. Kf2 h4 32. Ke3 Bf1 33. g4
g5 34. Bf3 Nb6 35. Bd5 gxf4+ 36. Kxf4 Nxd5+ 37. cxd5 Bg2 38. Ne4 c4 39. Nc3 Kf8
40. g5 Ke7 41. Ke3 Kd7 42. Kd4 Bf1 43. Kc5 Kc7 44. Kb4 Kb6 45. Na4+ Kc7 46. Ka5
h3 47. Nc3 Kb7 48. e6 fxe6 49. dxe6 Bd3 50. e7 Bg6 51. Kb4 Bf7 52. Ne4 a5+ 53.
Kc5 Kc7 54. Nf6 Be8 55. Nxe8+ Kd7 56. Nf6+ Kxe7 57. Kxc4 1-0

[Event "69. BEM 2015"]
[Site "Dortmund"]
[Date "2015.03.16"]
[Round "7.8"]
[White "Büchle, Manfred"]
[Black "Kartsev, Nikolaj"]
[Result "1-0"]
[WhiteElo "1828"]
[BlackElo "1616"]
[Annotator "Schulenburg,Pit"]
[PlyCount "93"]
[EventDate "2015.??.??"]
[WhiteTeam "SV Eichlinghofen"]
[BlackTeam "SF Brackel"]

1. e4 c5 2. Nf3 d6 3. d4 cxd4 4. Nxd4 Nf6 5. Nc3 Nc6 6. Bb5 Bd7 7. Nxc6 Bxc6 8.
Bxc6+ bxc6 9. O-O e5 10. Bg5 Be7 11. Qd2 h6 12. Bh4 g5 13. Bg3 Nh5 14. Rad1
Nxg3 15. hxg3 Qb6 16. Na4 Qb5 17. b3 Rd8 18. c4 Qb7 19. Qe2 h5 20. f4 g4 21.
fxe5 dxe5 22. Qf2 f6 23. Rxd8+ Bxd8 24. Rd1 Be7 {(=)} 25. Qf5 Kf7 26. Kf1 Qb4
27. Qf2 h4 28. gxh4 Qa3 29. g3 c5 {(=)} 30. Kg2 Rd8 31. Rxd8 Bxd8 32. Nc3 Qc1
33. Nd5 Qb1 34. Qe2 f5 35. exf5 Qxf5 36. Qf2 Kg6 37. Qxf5+ Kxf5 38. Ne3+ Ke4
39. Nxg4 Kd4 40. Kf2 e4 41. Ke2 Kc3 42. h5 Ba5 43. h6 Kb2 44. Ke3 Kxa2 45. Kxe4
Kxb3 46. h7 Bc3 47. Ne5 1-0

[Event "69. BEM 2015"]
[Site "Dortmund"]
[Date "2015.03.16"]
[Round "7.9"]
[White "Horenburg, Oliver"]
[Black "Ewers, Christian"]
[Result "1-0"]
[WhiteElo "1760"]
[BlackElo "1702"]
[PlyCount "55"]
[EventDate "2015.??.??"]
[WhiteTeam "SV Eichlinghofen"]
[BlackTeam "SG Mengede"]

1. d4 Nf6 2. Nf3 c5 3. e3 e6 4. Bd3 b6 5. Nbd2 Bb7 6. c3 d5 7. O-O Nbd7 8. Ne5
Bd6 9. f4 Ne4 10. Nxe4 dxe4 11. Bb5 Bxe5 12. dxe5 Qc7 13. Qg4 O-O 14. Rd1 Rad8
15. Bd2 a6 16. Be2 c4 17. Be1 Bd5 18. Bh4 f5 19. Qh3 Rde8 20. g4 Qc5 21. gxf5
Rxf5 22. Rxd5 Qxd5 23. Rd1 Qc6 24. Rd6 Qc7 25. Bg4 g6 26. Bxf5 gxf5 27. Qg2+
Kh8 28. Rxd7 1-0

[Event "69. BEM 2015"]
[Site "Dortmund"]
[Date "2015.03.16"]
[Round "7.10"]
[White "Brendemühl, Bernd"]
[Black "Vogt, Christian"]
[Result "1-0"]
[WhiteElo "1894"]
[BlackElo "1524"]
[PlyCount "61"]
[EventDate "2015.??.??"]
[WhiteTeam "FS 1898 Dortmund"]
[BlackTeam "SC Hansa Dortmund"]

1. e4 g6 2. d4 Bg7 3. Nf3 d6 4. c4 c6 5. Nc3 Bg4 6. Be2 Nd7 7. Be3 Qc7 8. Rc1
a6 9. O-O h6 10. Qd2 e6 11. b4 Ne7 12. a4 h5 13. Ng5 Bxe2 14. Nxe2 Bf6 15. d5
e5 16. dxc6 bxc6 17. Rfd1 Nc8 18. b5 axb5 19. cxb5 c5 20. Nxf7 Kxf7 21. Qd5+
Ke7 22. Qxa8 Ncb6 23. Qa5 Ra8 24. Qd2 Rxa4 25. Nc3 Rb4 26. Bg5 Ke6 27. Qe3 Nc4
28. Qh3+ Kf7 29. Nd5 Qd8 30. Bxf6 Nxf6 31. Nxb4 1-0

[Event "69. BEM 2015"]
[Site "Dortmund"]
[Date "2015.03.16"]
[Round "7.11"]
[White "Grawe, Herbert"]
[Black "Cogan, Leonid"]
[Result "1-0"]
[WhiteElo "1339"]
[BlackElo "1710"]
[PlyCount "41"]
[EventDate "2015.??.??"]
[WhiteTeam "Dortmunder SV"]
[BlackTeam "SU Huck.-Westerfilde"]

1. g3 d5 2. Bg2 Nc6 3. Nf3 Bg4 4. c3 e6 5. d4 Be7 6. Nbd2 Nf6 7. Ne5 Nxe5 8.
dxe5 Nd7 9. Qa4 O-O 10. Qxg4 Nxe5 11. Qh3 Rb8 12. O-O f5 13. Nb3 Qe8 14. Nd4
Qf7 15. Bf4 Bf6 16. Rad1 c6 17. b3 Rbe8 18. Nf3 Nxf3+ 19. Bxf3 e5 20. Bc1 g5
21. Bh5 1-0

[Event "69. BEM 2015"]
[Site "Dortmund"]
[Date "2015.03.16"]
[Round "7.12"]
[White "Ziemek, Gerhard"]
[Black "Gegner, Michael"]
[Result "1-0"]
[WhiteElo "1627"]
[BlackElo "1478"]
[PlyCount "29"]
[EventDate "2015.??.??"]
[WhiteTeam "SVg Marten-Bövinghsn."]
[BlackTeam "Dortmunder SV"]

1. d4 h6 2. e4 g5 3. Bc4 c6 4. Nc3 Bg7 5. Qh5 e6 6. e5 d5 7. Bd3 c5 8. Nb5 Qd7
9. Nd6+ Kf8 10. c3 c4 11. Bc2 f6 12. f4 Nc6 13. Bg6 Nd8 14. Nf3 fxe5 15. fxe5
1-0

[Event "69. BEM 2015"]
[Site "Dortmund"]
[Date "2015.03.16"]
[Round "7.13"]
[White "Rauschenbusch, U."]
[Black "Zabel, Reinhard"]
[Result "0-1"]
[WhiteElo "1618"]
[BlackElo "1461"]
[PlyCount "96"]
[EventDate "2015.??.??"]
[WhiteTeam "FS 1898 Dortmund"]
[BlackTeam "Doppelbauer Brambauer"]

1. f4 d5 2. Nf3 Nf6 3. g3 e6 4. Bg2 c5 5. O-O Nc6 6. d3 Be7 7. Qe1 O-O 8. e4
dxe4 9. dxe4 Nd4 10. Na3 Nxf3+ 11. Bxf3 Rb8 12. Be3 b6 13. Rd1 Qe8 14. c4 Bb7
15. e5 Bxf3 16. Rxf3 Ng4 17. h3 Qc6 18. Qe2 Nxe3 19. Rxe3 Rfd8 20. Red3 Rxd3
21. Qxd3 Qe8 22. Qd7 Rd8 23. Qxe8+ Rxe8 24. Rd7 Bf8 25. Nb5 a6 26. Nd6 Bxd6 27.
exd6 Rb8 28. Rc7 Kf8 29. d7 Rd8 30. Kf2 Ke7 31. Rb7 Rxd7 32. Rxb6 Rd4 33. Rxa6
Rd2+ 34. Ke3 Rxb2 35. g4 Rh2 36. a4 Rxh3+ 37. Ke4 Rc3 38. a5 Rxc4+ 39. Ke3 Ra4
40. Ra8 Kf6 41. a6 e5 42. fxe5+ Kxe5 43. a7 Kf6 44. Kf3 c4 45. Ke4 Kg5 46. Kd4
g6 47. Rh8 Rxa7 48. Rxh7 Rc7 0-1

[Event "69. BEM 2015"]
[Site "Dortmund"]
[Date "2015.03.16"]
[Round "7.14"]
[White "Raskin, Vitali"]
[Black "Pachura, Karl-Heinz"]
[Result "1-0"]
[WhiteElo "1610"]
[BlackElo "1353"]
[PlyCount "66"]
[EventDate "2015.??.??"]
[WhiteTeam "FS 1898 Dortmund"]
[BlackTeam "SF Brackel"]

1. d4 Nf6 2. c4 g6 3. Nc3 Bg7 4. e4 d6 5. Nf3 O-O 6. Be2 c6 7. O-O Nbd7 8. Bg5
h6 9. Bh4 e5 10. dxe5 dxe5 11. Qc2 Qc7 12. b4 g5 13. Bg3 Re8 14. c5 Nf8 15. h4
g4 16. Nd4 h5 17. Nf5 Bxf5 18. exf5 Nd5 19. Nxd5 cxd5 20. Rad1 Red8 21. f3 Qe7
22. fxg4 hxg4 23. Bxg4 Bf6 24. h5 Nh7 25. Rfe1 Ng5 26. Qb3 d4 27. Re2 Kg7 28.
Rde1 e4 29. Bd6 Qd7 30. Rxe4 Nxe4 31. Rxe4 Re8 32. Rxd4 Re1+ 33. Kh2 Qe8 1-0

[Event "69. BEM 2015"]
[Site "Dortmund"]
[Date "2015.03.16"]
[Round "7.15"]
[White "Simon, Stefan"]
[Black "Kawka, Bogdan"]
[Result "1/2-1/2"]
[WhiteElo "1484"]
[BlackElo "1272"]
[PlyCount "54"]
[EventDate "2015.??.??"]
[WhiteTeam "SVg Marten-Bövinghsn."]
[BlackTeam "FS 1898 Dortmund"]

1. e4 c5 2. Nf3 Nc6 3. d4 cxd4 4. Nxd4 Nf6 5. Nc3 e5 6. Nb3 d6 7. Bg5 Be7 8.
Bc4 O-O 9. Bxf6 Bxf6 10. O-O a6 11. Nd2 Rb8 12. Nd5 b5 13. Bb3 Na5 14. Qe2 Bb7
15. c4 Bxd5 16. cxd5 Qb6 17. Rac1 Rbc8 18. Qg4 Rxc1 19. Rxc1 h6 20. Bd1 Bg5 21.
Rc2 Bxd2 22. Rxd2 Nc4 23. Rc2 Qd4 24. b3 Nd2 25. Rc8 Rxc8 26. Qxc8+ Kh7 27.
Qf5+ Kg8 1/2-1/2

[Event "69. BEM 2015"]
[Site "Dortmund"]
[Date "2015.03.16"]
[Round "7.16"]
[White "Howorka, Roland"]
[Black "Wilkins, Petra"]
[Result "1-0"]
[WhiteElo "1443"]
[BlackElo "1041"]
[PlyCount "71"]
[EventDate "2015.??.??"]
[WhiteTeam "FS 1898 Dortmund"]
[BlackTeam "SC Hansa Dortmund"]

1. d4 Nf6 2. c4 d6 3. Nc3 g6 4. e3 Bg7 5. b3 c6 6. Bb2 O-O 7. Be2 Nbd7 8. Nf3
Nh5 9. Nd2 Ndf6 10. O-O e5 11. dxe5 dxe5 12. Nde4 Qe7 13. Nxf6+ Nxf6 14. Qc2
Re8 15. e4 Ng4 16. h3 Nh6 17. Rad1 Qg5 18. Bc1 Qh4 19. Bf3 f5 20. exf5 Nxf5 21.
Ne2 Nd4 22. Nxd4 exd4 23. Rfe1 Bf5 24. Qd2 Bh6 25. Qxh6 Qf6 26. Qd2 Rxe1+ 27.
Rxe1 c5 28. Bxb7 Rf8 29. Bd5+ Kh8 30. b4 cxb4 31. Bb2 Bd3 32. Re6 Qh4 33. g3
Qxg3+ 34. fxg3 Rf1+ 35. Kg2 h5 36. Qh6+ 1-0

[Event "69. BEM 2015"]
[Site "Dortmund"]
[Date "2015.03.16"]
[Round "7.17"]
[White "Jentzsch, Wern. Wilfr"]
[Black "Benke, Werner"]
[Result "1/2-1/2"]
[WhiteElo "1318"]
[BlackElo "1427"]
[PlyCount "113"]
[EventDate "2015.??.??"]
[WhiteTeam "SF Brackel"]
[BlackTeam "SC Hansa Dortmund"]

1. d4 d5 2. Nc3 Nf6 3. Bf4 e6 4. Nb5 Na6 5. e3 c6 6. Nc3 Nc7 7. Bd3 Bd6 8. Nge2
O-O 9. Bg5 Be7 10. Bf4 h6 11. Ng3 Bd6 12. Nh5 Nce8 13. Qf3 Nxh5 14. Qxh5 Bxf4
15. exf4 Qb6 16. O-O-O Nf6 17. Qh4 Bd7 18. g4 Ne4 19. Nxe4 dxe4 20. Bxe4 f5 21.
g5 Qd8 22. Qh5 Be8 23. Qh3 fxe4 24. gxh6 Qf6 25. hxg7 Qxf4+ 26. Kb1 Kxg7 27.
Qxe6 Rf6 28. Rhg1+ Bg6 29. Qe7+ Kh8 30. Rg3 Rf7 31. Rh3+ Bh7 32. Qe6 Rg8 33.
Rh4 Qxh4 34. Qxf7 Qg5 35. Qxb7 Qg4 36. Kc1 Qf4+ 37. Kb1 Qf3 38. Kc1 e3 39. fxe3
Qxe3+ 40. Kb1 Qxd4 41. Kc1 Qe3+ 42. Kb1 Rg1 43. Qc8+ Bg8 44. Qd8 Rxd1+ 45. Qxd1
Qe4 46. Qh5+ Qh7 47. Qe5+ Qg7 48. Qh5+ Bh7 49. Qe8+ Qg8 50. Qe5+ Qg7 51. Qe8+
Bg8 52. Qh5+ Qh7 53. Qe5+ Qg7 54. Qh5+ Qh7 55. Qe5+ Qg7 56. Qh5+ Bh7 57. Qe8+
1/2-1/2